00495 2200181 4500001002100000005001500021008004100036020002200077035001900099041000700118082000800125090001400133100001900147245005200166260004200218300002600260650002700286INLIS00000000003006220241224132903241224||||||||| | ||| |||| || |  a978-979-22-8186-6 0010-1224030062 aid0 a823 a823 ALL k0 aIsabel Allende00aEl Reino Del Dragon De Oro (Kerajaan Naga Emas) aJakartabGramedia Pustaka Utamac2012 a20x13,5 cm, 360 hlm.; 0aNovel -- Kesusasteraan